00510nam a2200145Ia 4500008004100000082001500041100003700056245002600093260004700119630001800166650005100184942000900235952010500244999001500349211109s9999||||xx |||||||||||||| ||und|| a516bFIN-C aFine, Henry Burchatd And Thomp,  0aCo- Ordinate Geometry bMacmillan and Co., LimitedaKingstonc1912 xGeneral Stack aTrigonometryvGeometryMathematicsxMathematics cBOOK 00104070aSBCLbSBCLc2d2021-11-09l0o516 FIN-Cp00001721r2021-11-09 00:00:00w2021-11-09yBOOK c1593d1593